Statistiken für Kader TSG 1899 Hoffenheim

Klicken Sie hier um das Quiz zu spielen!

Allgemein

  • Dieses Quiz wurde 230 mal gespielt
    (93 seit der letzten Aktualisierung)
  • Das Durchschnittsergebnis liegt bei 15 aus 31

Antwortstatistiken

#Spieler% Korrekt
1Oliver Baumann
100%
27Andrej Kramaric
94%
9Ilhas Bebou
86%
3Pavel Kaderabek
82%
22Kevin Vogt
78%
5Ozan Kabak
78%
14Maximilian Beier
73%
11Florian Grillitsch
71%
29Robert Skov
65%
8Dennis Geiger
61%
6Grischa Prömel
59%
25Kevin Akpoguma
59%
Pellegrino Matarazzo
59%
23John Anthony Brooks
57%
39Tom Bischof
49%
34Stanley Nsoki
47%
21Marius Bülter
45%
13Angelo Stiller
43%
40Umut Tohumcu
41%
18Diadié Samassékou
39%
20Finn Ole Becker
33%
7Jacob Bruun Larsen
33%
37Luca Philipp
31%
17Julian Justvan
29%
36Nahue Noll
29%
30Marco John
24%
44Fisnik Asllani
20%
35Muhammed Damar
16%
15Kasim Adams Nuhu
10%
32Melayro Bogarde
10%
--Lucas Ribeiro
8%

Verteilung der Resultate

Perzentil nach korrekt beantworteten Fragen

Anzahl Personen mit jedem Resultat

Ihre Resultats-Entwicklung

Sie haben dieses Quiz seit der letzten Aktualisierung nicht gespielt